Reverse Dictionary #93 - Statistics

General Stats
  • This quiz has been taken 31 times
  • The average score is 17 of 25
Answer Stats
Definition First
Letter
Word % Correct
To perceive sounds through the ear. H hear
93%
Of or pertaining to the practice of medicine. M medical
93%
A plant or flower of the genus Viola, especially the fragrant Viola odorata. V violet
90%
A contiguous area of land, smaller than a continent, totally surrounded by water. I island
86%
Something or someone who generates or makes something. C creator
83%
Small rodents of the genus Mus. M mice
83%
A social or religious custom prohibiting or forbidding discussion of a particular practice or forbidding association with a particular person, place, or thing. T taboo
83%
To damage beyond use or repair; to damage (something) to the point that it effectively ceases to exist. D destroy
79%
(US, Canada) A coin worth one tenth of a dollar. D dime
79%
Data fed into a process with the intention of it shaping or affecting the output of that process. I input
79%
To do as ordered by (a person, institution etc.), to act according to the bidding of. O obey
79%
The horizontal portion of a chair or other furniture designed for sitting. S seat
79%
1. (archaic, literary) Beautiful, of a pleasing appearance, with a pure and fresh quality.2. Light in color, pale, particularly with regard to skin tone but also referring to blond and red hair. F fair
76%
To look at. V view
76%
(of a surface) Uneven, with many patches raised above the rest. B bumpy
72%
Brought in from an external source, especially for sale or trade. I imported
72%
To ask for the presence or participation of someone or something. I invite
72%
(particularly of color) Dull, uninteresting. D drab
62%
(somewhat informal) Irritable; easily upset; angry; tending to complain. G grouchy
62%
(of a building) Officially marked uninhabitable. C condemned
48%
Tending to avoid commitment or self-revelation, especially by responding only indirectly. E evasive
48%
1. (of a quantity) To become smaller.2. To make (a quantity) smaller. D decrease
45%
1. Pleasing or appealing to the senses, especially of a potential romantic partner.2. Having the power of charming or alluring by agreeable qualities; enticing. A attractive
41%
To protect; to keep from harm or injury. P preserve
28%
(figurative) To remove (someone or something) from a familiar circumstance, especially suddenly and unwillingly. U uproot
24%
No matching quizzes found
Score Distribution
Percent of People with Each Score
Percentile by Number Answered
Your Score History
You have not taken this quiz